000 00256nam a22001097a 4500
999 _c64974
_d64971
082 _a297
_aKHA
100 _aAga Khan
_aAga Khan
_aDr.ZAKI ALI
245 _aGLIMPSES OF ISLAM
260 _aLahore
_bKashmiri Bazar Lahore Pakistan
300 _a83p
942 _cBK